| 000 | 00645nam a22002177a 4500 | ||
|---|---|---|---|
| 003 | 0 | ||
| 005 | 20230908135456.0 | ||
| 008 | 230908b xxu||||| |||| 00| 0 eng d | ||
| 020 | _a978-1-975172-79-4 | ||
| 050 |
_aRM 216 _b.D83 2022 |
||
| 100 | _aDudek, Susan G. | ||
| 245 |
_aNutrition essentials for nursing practice _cSusan G. Dudek |
||
| 250 | _aNinth edition | ||
| 260 |
_aPhiladelphia, PA _bWolters Kluwer _cc2022. |
||
| 300 |
_axiii, 562 pages : _bcol. ill. ; _c28cm. |
||
| 500 | _aDiet therapy | ||
| 504 | _aIncludes bibliographical references and index. | ||
| 650 | _aDiet therapy. | ||
| 650 | _aNursing. | ||
| 942 |
_2lcc _cBK |
||
| 999 |
_c365271 _d365271 |
||